00997nam a22002537a 4500003000500000005001700005008004100022010001100063011001100074035001100085040000900096100003800105245020100143260004000344500006000384502008900444650001700533650004600550650002100596650002400617650002000641650001800661856006400679CHAP20220329143745.0110622s2010 mx r 00010 spa d a101514 a102486 a113174 cCHAP1 aSantos Jiménez, Victoria Juana.10aOrganización y tecnologías alternativas de arrastre y aserrio para el desarrollo:bexperiencia y perpectivas en la Zona Maya de Quintana Rooh[En línea]c/por Victoria Juana Santos Jiménez aChapingo, Méx. :bEl autor,c2010 aPara ver el contenido del material haga clic en la liga aTesis (M.C. en Desarrollo Rural Regional) -- UACH. Dirección de Centros Regionales14aAserraderos.14aDesarrollo de la comunidadzQuintana Roo.14aMadera aserrada.14aMaderaxTransporte.14aOrganización.14aTecnología. 3Finding aiduhttp://10.13.5.2/tesis/113174.pdfzTeclea aqui